De la casa de muñecas al estado de bienestar, ¿y después? /

保存先:
書誌詳細
第一著者: Therborn, Göran
その他の著者: Bertilsson, Margaretta
フォーマット: テキスト
主題:
タグ: タグ追加
タグなし, このレコードへの初めてのタグを付けませんか!

MARC

LEADER 00000 a a2200000 04500
001 18959
003
040
100 |a Therborn, Göran  
245 |a De la casa de muñecas al estado de bienestar, ¿y después? /  |c Göran Therborn ; Margaretta Bertilsson 
650 |a SOCIOLOGIA  
650 |a CAMBIO SOCIAL  
650 |a MODERNIZACION  
650 |a ESTADO  
650 |a SOCIOLOGOS  
650 |a CONF  
700 |a Bertilsson, Margaretta  
773 |g número 82 -83; páginas 185-202  
999 |c 34911  |d 34911